000 00330nam a22001457a 4500
008 221010b ||||| |||| 00| 0 eng d
020 _a0471876437
041 _aeng
080 _2SECOND EDITION
_a579
082 _a579MAN
100 _a17
101 _aMIK
245 _aINFECTIOUS DISEASES
_cMANDELL/DOUGLAS
942 _2udc
_cBK
999 _c58436
_d58436